000
00317nam a2200109Ia 4500
008
200302s9999 xx 000 0 und d
100
_a
James L.Mcelhinney
245
_a
The Visual Language Of Drawing : Lessons On The Art Of Seeing
260
_b
Sterling Publishing Co. Inc., New York
260
_c
2012
300
_a
196 P
999
_c
4937
_d
4937